00378nam a22001337a 4500041001200000082001500012100001300027245003700040260004200077300001000119942000700129952009100136999001700227 aEnglish a330.1bRAN aRangooni aThe Islamic Perspective of Loans aNew DelhibIslamic Book Servicec2006 a64 P. cBK 00104070aHMIbHMIcGENd2018-07-16l0o330.1 RANp24748r2018-07-16w2018-07-16yBK c21202d21202